| 000 | 01131nam2a2200289 4500 | ||
|---|---|---|---|
| 001 | RU\NLR\bibl\1831654 | ||
| 005 | 20260406003329.0 | ||
| 010 |
_a978-5-94075-318-6 _bвып. 27 |
||
| 010 |
_a978-5-94075-200-4 _91000 |
||
| 021 |
_aRU _b2011-80073 _95704 |
||
| 035 | _a(NLR Aleph) 001822153 | ||
| 090 |
_a2020787 _c2020787 |
||
| 100 | _a20111110d2011 |||y0rusy50 ca | ||
| 101 | 0 | _arus | |
| 102 | _aRU | ||
| 105 | _ay ||||||||| | ||
| 200 | 0 |
_aВып. 27 _f[О.А. Чазова, Е.С. Степанова] |
|
| 210 |
_aЕкатеринбург _cИП Возякова Т.И. _d2011 |
||
| 215 | _a32 с. | ||
| 461 | 0 |
_1001RU\NLR\bibl\209842 _12001#$aСценарий свадьбы$vВып. 27 _91195253 _cЕкатеринбург _d2001 _nИзд-во Т.И. Возяковой _tСценарий свадьбы _vВып. 27 |
|
| 701 | 1 |
_aЧазова _bО. А. _4070 |
|
| 701 | 1 |
_4070 _8rus _7ca _aСтепанова _bЕ. С. _cсценарист, режиссер _gЕкатерина С. _3RU\NLR\auth\77112850 _995775 |
|
| 801 | 0 |
_aRU _bNLR _c20111110 _gRCR |
|
| 801 | 1 |
_aRU _bNLR _c20111110 |
|
| 942 | _cBOOK | ||
| 980 | _aNB | ||